Let’s study New Testament Greek (Record no. 3935)

MARC details
000 -LEADER
fixed length control field 00424nam a22001577a 4500
008 - FIXED-LENGTH DATA ELEMENTS--GENERAL INFORMATION
fixed length control field 250623b |||||||| |||| 00| 0 eng d
020 ## - INTERNATIONAL STANDARD BOOK NUMBER
ISBN 9789789055203
100 ## - MAIN ENTRY--AUTHOR
Author Wiebe H. Rudolph
245 ## - TITLE STATEMENT
Title Let’s study New Testament Greek
250 ## - EDITION STATEMENT
Edition statement 2nd
260 ## - PUBLICATION, DISTRIBUTION, ETC. (IMPRINT)
Place of publication Plateau
Name of publisher Africa Christian textbooks
Date of publication 2023
300 ## - COLLATION
Pagination 150p.
Other physical details ill.
650 ## - TRACINGS
Main Subject Bible- New Testament-language
942 ## - ADDED ENTRY ELEMENTS (KOHA)
Item type Books
050 ## - LIBRARY OF CONGRESS CALL NUMBER
Classification number PA817
Item number .W54
Holdings
Source of classification or shelving scheme Not for loan Permanent location Current location Date acquired Accession No. Full call number Barcode. Koha item type
Library of Congress Classification   Samuel Ogbemudia Main Library, University of Abuja Samuel Ogbemudia Main Library, University of Abuja 06/23/2025 2025/65094 PA817.W54 2025-2635 Books